[Event "Blitz 2018"]
[Site "Saint-Petersburg"]
[Date "2018.12.29"]
[Round "11"]
[Board "74"]
[White "Rechlis Gad (ISR)"]
[Black "Bindrich Falko (GER)"]
[Result "1-0"]
[LiveChessVersion "1.4.8"]
[BlackElo "2639"]
[WhiteElo "2500"]

1. e4 {[%clk 0:03:03]} e5 {[%clk 0:03:03]} 2. Nf3 {[%clk 0:03:04]} Nf6
{[%clk 0:03:05]} 3. Nxe5 {[%clk 0:03:01]} d6 {[%clk 0:03:06]} 4. Nf3
{[%clk 0:03:01]} Nxe4 {[%clk 0:03:07]} 5. d4 {[%clk 0:03:03]} d5 {[%clk 0:03:08]}
6. Bd3 {[%clk 0:03:04]} Bf5 {[%clk 0:03:09]} 7. O-O {[%clk 0:03:03]} Be7
{[%clk 0:03:10]} 8. Nc3 {[%clk 0:02:58]} Nxc3 {[%clk 0:03:09]} 9. bxc3
{[%clk 0:02:59]} Bxd3 {[%clk 0:03:09]} 10. Qxd3 {[%clk 0:03:00]} O-O
{[%clk 0:03:10]} 11. Rb1 {[%clk 0:02:58]} b6 {[%clk 0:03:11]} 12. c4
{[%clk 0:02:54]} Nc6 {[%clk 0:02:46]} 13. cxd5 {[%clk 0:02:55]} Qxd5
{[%clk 0:02:47]} 14. c4 {[%clk 0:02:56]} Qd7 {[%clk 0:02:40]} 15. d5
{[%clk 0:02:56]} Bf6 {[%clk 0:02:27]} 16. Bg5 {[%clk 0:02:48]} Ne5
{[%clk 0:02:23]} 17. Nxe5 {[%clk 0:02:45]} Bxe5 {[%clk 0:02:24]} 18. Rbe1
{[%clk 0:02:42]} Rfe8 {[%clk 0:02:22]} 19. Re2 {[%clk 0:02:34]} Qg4
{[%clk 0:02:19]} 20. Be3 {[%clk 0:02:10]} Qh5 {[%clk 0:02:07]} 21. h3
{[%clk 0:02:07]} Bd6 {[%clk 0:02:08]} 22. Rfe1 {[%clk 0:02:08]} Qg6
{[%clk 0:01:39]} 23. Qxg6 {[%clk 0:02:01]} hxg6 {[%clk 0:01:40]} 24. Bd4
{[%clk 0:02:01]} Rxe2 {[%clk 0:01:26]} 25. Rxe2 {[%clk 0:02:02]} f6
{[%clk 0:01:27]} 26. g4 {[%clk 0:02:03]} Kf7 {[%clk 0:01:27]} 27. Kg2
{[%clk 0:02:04]} g5 {[%clk 0:01:27]} 28. a4 {[%clk 0:02:01]} Rd8 {[%clk 0:01:09]}
29. Kf3 {[%clk 0:01:48]} Rh8 {[%clk 0:01:02]} 30. Kg2 {[%clk 0:01:49]} Rc8
{[%clk 0:01:02]} 31. Kf3 {[%clk 0:01:44]} Rh8 {[%clk 0:00:49]} 32. Kg2
{[%clk 0:01:45]} Rc8 {[%clk 0:00:50]} 33. Re3 {[%clk 0:01:33]} Rd8
{[%clk 0:00:41]} 34. Kf3 {[%clk 0:01:32]} Bf4 {[%clk 0:00:39]} 35. Re6
{[%clk 0:01:27]} Rh8 36. Kg2 Bd6 {[%clk 0:00:41]} 37. a5 {[%clk 0:01:23]} Rd8
{[%clk 0:00:42]} 38. a6 {[%clk 0:01:26]} Rh8 {[%clk 0:00:38]} 39. Re3
{[%clk 0:01:17]} Rc8 {[%clk 0:00:39]} 40. Bb2 {[%clk 0:01:16]} Bc5
{[%clk 0:00:38]} 41. Re6 {[%clk 0:01:17]} Bd6 {[%clk 0:00:39]} 42. Bd4
{[%clk 0:01:17]} Rh8 {[%clk 0:00:40]} 43. f3 {[%clk 0:01:17]} Rd8
{[%clk 0:00:40]} 44. Bf2 {[%clk 0:01:18]} Rd7 {[%clk 0:00:25]} 45. Bg3
{[%clk 0:01:16]} Rd8 {[%clk 0:00:25]} 46. h4 {[%clk 0:01:14]} gxh4
{[%clk 0:00:25]} 47. Bxh4 {[%clk 0:01:15]} Rd7 {[%clk 0:00:24]} 48. Bg3
{[%clk 0:01:16]} Rd8 {[%clk 0:00:26]} 49. f4 {[%clk 0:01:16]} Rd7
{[%clk 0:00:21]} 50. f5 {[%clk 0:01:17]} Rd8 {[%clk 0:00:22]} 51. Kf3
{[%clk 0:01:17]} Rd7 {[%clk 0:00:21]} 52. Bf4 {[%clk 0:01:18]} Rd8
{[%clk 0:00:21]} 53. g5 {[%clk 0:01:20]} fxg5 {[%clk 0:00:22]} 54. Bxg5
{[%clk 0:01:21]} Rh8 {[%clk 0:00:23]} 55. Bf4 {[%clk 0:01:20]} Bxf4
{[%clk 0:00:24]} 56. Kxf4 {[%clk 0:01:21]} Rh4+ {[%clk 0:00:25]} 57. Ke5
{[%clk 0:01:07]} Rxc4 {[%clk 0:00:26]} 58. f6 {[%clk 0:01:05]} gxf6+
{[%clk 0:00:22]} 59. Rxf6+ {[%clk 0:01:07]} Ke7 {[%clk 0:00:24]} 60. Rh6
{[%clk 0:01:08]} Ra4 {[%clk 0:00:21]} 61. Rh7+ {[%clk 0:01:07]} Kd8
{[%clk 0:00:18]} 62. Rh8+ {[%clk 0:01:05]} Kd7 {[%clk 0:00:20]} 63. Rh7+
{[%clk 0:01:06]} Kd8 {[%clk 0:00:21]} 64. d6 {[%clk 0:00:59]} cxd6+
{[%clk 0:00:12]} 65. Kxd6 {[%clk 0:01:00]} Ke8 {[%clk 0:00:12]} 66. Rxa7
{[%clk 0:00:59]} b5 {[%clk 0:00:10]} 67. Kc5 {[%clk 0:01:00]} Kd8
{[%clk 0:00:09]} 68. Kb6 {[%clk 0:00:50]} b4 {[%clk 0:00:06]} 69. Rh7
{[%clk 0:00:46]} b3 {[%clk 0:00:06]} 70. Rh8+ {[%clk 0:00:44]} Kd7
{[%clk 0:00:08]} 71. Rh7+ {[%clk 0:00:45]} Kd6 {[%clk 0:00:08]} 72. Rh6+
{[%clk 0:00:46]} Kd5 {[%clk 0:00:09]} 73. Rh5+ {[%clk 0:00:45]} Kd6
{[%clk 0:00:11]} 74. Rb5 {[%clk 0:00:43]} Ra3 {[%clk 0:00:05]} 75. a7
{[%clk 0:00:44]} Kd7 {[%clk 0:00:04]} 76. Kb7 {[%clk 0:00:45]} 1-0

[Event "Blitz 2018"]
[Site "Saint-Petersburg"]
[Date "2018.12.29"]
[Round "11"]
[Board "75"]
[White "Sokolin Leonid (USA)"]
[Black "Grachev Boris (RUS)"]
[Result "0-1"]
[LiveChessVersion "1.4.8"]
[BlackElo "2571"]
[WhiteElo "2508"]

1. e4 {[%clk 0:03:03]} c5 {[%clk 0:03:03]} 2. Nf3 {[%clk 0:03:04]} e6
{[%clk 0:03:04]} 3. Nc3 {[%clk 0:03:04]} Nc6 {[%clk 0:03:02]} 4. Bb5
{[%clk 0:03:05]} Nd4 {[%clk 0:03:03]} 5. a4 {[%clk 0:03:02]} a6 {[%clk 0:03:03]}
6. Bd3 {[%clk 0:03:02]} Nxf3+ {[%clk 0:03:02]} 7. Qxf3 {[%clk 0:03:03]} Bd6
{[%clk 0:03:00]} 8. O-O {[%clk 0:02:57]} Qc7 {[%clk 0:03:01]} 9. h3
{[%clk 0:02:55]} Ne7 {[%clk 0:02:56]} 10. Re1 {[%clk 0:02:44]} Bh2+
{[%clk 0:02:55]} 11. Kh1 {[%clk 0:02:42]} Be5 {[%clk 0:02:55]} 12. b3
{[%clk 0:02:33]} O-O 13. Bb2 Nc6 {[%clk 0:02:41]} 14. Qh5 {[%clk 0:02:33]} g6
{[%clk 0:02:39]} 15. Qh4 {[%clk 0:02:32]} Qd8 {[%clk 0:02:29]} 16. Qxd8
{[%clk 0:02:25]} Rxd8 {[%clk 0:02:30]} 17. Nd1 {[%clk 0:02:22]} b6
{[%clk 0:02:21]} 18. Rb1 {[%clk 0:02:00]} Bxb2 {[%clk 0:02:18]} 19. Rxb2
{[%clk 0:02:02]} d5 {[%clk 0:02:15]} 20. f4 {[%clk 0:01:50]} Nb4 {[%clk 0:02:11]}
21. e5 {[%clk 0:01:45]} Nxd3 {[%clk 0:02:02]} 22. cxd3 {[%clk 0:01:46]} a5
{[%clk 0:01:36]} 23. Nf2 {[%clk 0:01:43]} h5 {[%clk 0:01:37]} 24. g4
{[%clk 0:01:29]} Kf8 {[%clk 0:01:33]} 25. gxh5 {[%clk 0:01:22]} gxh5
{[%clk 0:01:34]} 26. Rg1 {[%clk 0:01:21]} Ke7 {[%clk 0:01:32]} 27. Rg5
{[%clk 0:01:21]} Rh8 {[%clk 0:01:25]} 28. Rb1 {[%clk 0:01:17]} Rb8
{[%clk 0:01:16]} 29. Rc1 {[%clk 0:01:05]} Bd7 {[%clk 0:01:15]} 30. Kg2
{[%clk 0:01:05]} Rbc8 {[%clk 0:00:48]} 31. Kg3 {[%clk 0:01:05]} h4+
{[%clk 0:00:39]} 32. Kg4 {[%clk 0:01:07]} Rh7 {[%clk 0:00:18]} 33. Kf3
{[%clk 0:01:04]} Bc6 {[%clk 0:00:10]} 34. Ng4 {[%clk 0:00:58]} d4+
{[%clk 0:00:10]} 35. Kf2 {[%clk 0:00:58]} Rhh8 {[%clk 0:00:07]} 36. Nf6
{[%clk 0:00:59]} Rb8 {[%clk 0:00:06]} 37. Ke2 {[%clk 0:00:55]} Bb7
{[%clk 0:00:06]} 38. Kd1 {[%clk 0:00:55]} Rbd8 39. Kc2 Bc6 {[%clk 0:00:05]} 40.
Rcg1 {[%clk 0:00:56]} Rb8 {[%clk 0:00:06]} 41. R1g4 {[%clk 0:00:54]} b5 42. axb5
Bxb5 {[%clk 0:00:07]} 43. Ne4 a4 44. bxa4 {[%clk 0:00:36]} Bxa4+ 45. Kc1 Bb5
{[%clk 0:00:11]} 46. Nd6 {[%clk 0:00:37]} Bxd3 {[%clk 0:00:10]} 0-1

[Event "Blitz 2018"]
[Site "Saint-Petersburg"]
[Date "2018.12.29"]
[Round "11"]
[Board "76"]
[White "Vastrukhin Oleg (RUS)"]
[Black "Gabrielian Artur (RUS)"]
[Result "1/2-1/2"]
[LiveChessVersion "1.4.8"]
[BlackElo "2562"]
[WhiteElo "2488"]

1. Nf3 {[%clk 0:03:03]} c5 {[%clk 0:03:03]} 2. g3 {[%clk 0:03:03]} Nc6
{[%clk 0:03:05]} 3. Bg2 {[%clk 0:03:04]} g6 {[%clk 0:03:05]} 4. O-O
{[%clk 0:03:04]} Bg7 {[%clk 0:03:06]} 5. c4 {[%clk 0:02:54]} e5 {[%clk 0:03:07]}
6. Nc3 {[%clk 0:02:54]} Nge7 {[%clk 0:03:08]} 7. Ne1 {[%clk 0:02:55]} O-O
{[%clk 0:03:02]} 8. Nc2 {[%clk 0:02:56]} d6 {[%clk 0:03:03]} 9. Ne3
{[%clk 0:02:57]} Be6 {[%clk 0:03:03]} 10. Ned5 {[%clk 0:02:57]} Qd7
{[%clk 0:02:45]} 11. d3 {[%clk 0:02:56]} Bh3 {[%clk 0:02:41]} 12. e3
{[%clk 0:02:40]} Bxg2 {[%clk 0:02:40]} 13. Kxg2 {[%clk 0:02:41]} Nxd5
{[%clk 0:02:34]} 14. Nxd5 {[%clk 0:02:42]} Ne7 {[%clk 0:02:32]} 15. Qf3
{[%clk 0:02:42]} Nxd5 {[%clk 0:02:12]} 16. Qxd5 {[%clk 0:02:43]} Kh8
{[%clk 0:02:07]} 17. Rb1 {[%clk 0:02:38]} a5 {[%clk 0:02:00]} 18. Bd2
{[%clk 0:02:33]} b6 {[%clk 0:01:55]} 19. f4 {[%clk 0:02:02]} exf4
{[%clk 0:01:51]} 20. gxf4 {[%clk 0:01:54]} f5 {[%clk 0:01:41]} 21. Bc3
{[%clk 0:01:51]} Rae8 {[%clk 0:01:35]} 22. Rbe1 {[%clk 0:01:34]} Re7
{[%clk 0:01:36]} 23. Bxg7+ {[%clk 0:01:26]} Kxg7 {[%clk 0:01:37]} 24. Re2
{[%clk 0:01:07]} Rfe8 {[%clk 0:01:38]} 25. Rfe1 {[%clk 0:01:08]} h6
{[%clk 0:01:31]} 26. b3 {[%clk 0:01:08]} Kh7 {[%clk 0:01:31]} 27. h3
{[%clk 0:01:04]} g5 {[%clk 0:01:05]} 28. Qf3 {[%clk 0:01:05]} Rg7
{[%clk 0:01:03]} 29. fxg5 {[%clk 0:00:48]} Rxg5+ {[%clk 0:01:02]} 30. Kh2
{[%clk 0:00:48]} Reg8 {[%clk 0:01:03]} 31. Rf1 {[%clk 0:00:42]} Qg7
{[%clk 0:01:02]} 32. Rff2 {[%clk 0:00:36]} Kh8 {[%clk 0:00:59]} 33. Rg2
{[%clk 0:00:33]} Qe5+ {[%clk 0:00:50]} 34. Qf4 {[%clk 0:00:33]} Qxf4+
{[%clk 0:00:35]} 35. exf4 {[%clk 0:00:34]} Rxg2+ {[%clk 0:00:35]} 36. Rxg2
{[%clk 0:00:35]} Rxg2+ 37. Kxg2 {[%clk 0:00:35]} Kg7 {[%clk 0:00:20]} 38. Kg3
{[%clk 0:00:35]} Kf7 {[%clk 0:00:20]} 39. Kf3 {[%clk 0:00:31]} Ke6
{[%clk 0:00:21]} 40. Kg3 {[%clk 0:00:31]} Kf7 {[%clk 0:00:18]} 41. Kf3
{[%clk 0:00:32]} Kg6 {[%clk 0:00:17]} 42. Kg3 {[%clk 0:00:32]} Kh5
{[%clk 0:00:17]} 43. Kg2 {[%clk 0:00:24]} Kh4 {[%clk 0:00:17]} 44. Kh2
{[%clk 0:00:25]} Kh5 {[%clk 0:00:18]} 45. Kg3 {[%clk 0:00:25]} Kg6
{[%clk 0:00:19]} 46. Kf3 {[%clk 0:00:26]} Kf7 {[%clk 0:00:12]} 47. Ke4 1/2-1/2

[Event "Blitz 2018"]
[Site "Saint-Petersburg"]
[Date "2018.12.29"]
[Round "11"]
[Board "77"]
[White "Sanikidze Tornike (GEO)"]
[Black "Moiseenko Vadim (RUS)"]
[Result "0-1"]
[LiveChessVersion "1.4.8"]
[BlackElo "2560"]
[WhiteElo "2484"]

1. d4 {[%clk 0:03:03]} Nf6 {[%clk 0:03:03]} 2. c4 {[%clk 0:03:04]} b6
{[%clk 0:03:04]} 3. Nc3 {[%clk 0:03:02]} Bb7 {[%clk 0:03:05]} 4. Qc2
{[%clk 0:02:48]} d5 {[%clk 0:03:00]} 5. cxd5 {[%clk 0:02:48]} Nxd5
{[%clk 0:03:00]} 6. e4 {[%clk 0:02:49]} Nxc3 {[%clk 0:03:01]} 7. bxc3
{[%clk 0:02:49]} e5 {[%clk 0:03:01]} 8. Nf3 {[%clk 0:02:29]} exd4
{[%clk 0:03:01]} 9. Bc4 {[%clk 0:02:30]} d3 {[%clk 0:02:56]} 10. Qb3
{[%clk 0:02:25]} Qe7 {[%clk 0:02:33]} 11. Ng5 {[%clk 0:02:19]} f6
{[%clk 0:02:27]} 12. Nf7 {[%clk 0:02:13]} Qxe4+ {[%clk 0:02:21]} 13. Be3
{[%clk 0:02:14]} Bc5 {[%clk 0:01:45]} 14. O-O-O {[%clk 0:02:01]} Bxe3+
{[%clk 0:01:45]} 15. fxe3 {[%clk 0:02:02]} Rf8 {[%clk 0:01:46]} 16. Rxd3
{[%clk 0:01:55]} Nd7 {[%clk 0:01:37]} 17. Rhd1 {[%clk 0:00:58]} Nc5
{[%clk 0:01:33]} 18. Bb5+ {[%clk 0:00:59]} Bc6 {[%clk 0:01:23]} 19. Bxc6+
{[%clk 0:00:12]} Qxc6 {[%clk 0:01:22]} 20. Rd8+ {[%clk 0:00:14]} Rxd8
{[%clk 0:01:17]} 21. Rxd8+ {[%clk 0:00:14]} Ke7 {[%clk 0:01:18]} 22. Qd1
{[%clk 0:00:12]} Kxf7 {[%clk 0:01:11]} 0-1

[Event "Blitz 2018"]
[Site "Saint-Petersburg"]
[Date "2018.12.29"]
[Round "11"]
[Board "78"]
[White "Hirneise Jens (GER)"]
[Black "Maslak Konstantin (RUS)"]
[Result "0-1"]
[LiveChessVersion "1.4.8"]
[BlackElo "2537"]
[WhiteElo "2363"]

1. e4 {[%clk 0:03:03]} d6 {[%clk 0:03:03]} 2. d4 {[%clk 0:03:04]} Nf6
{[%clk 0:03:04]} 3. Nc3 {[%clk 0:03:05]} e5 {[%clk 0:03:05]} 4. Nf3
{[%clk 0:03:06]} Nbd7 {[%clk 0:03:06]} 5. g4 {[%clk 0:03:07]} Nxg4
{[%clk 0:02:52]} 6. Rg1 {[%clk 0:03:08]} Ngf6 {[%clk 0:02:45]} 7. Be3
{[%clk 0:03:09]} exd4 {[%clk 0:02:33]} 8. Qxd4 {[%clk 0:03:00]} c6
{[%clk 0:02:29]} 9. O-O-O {[%clk 0:02:59]} Qe7 {[%clk 0:01:59]} 10. Bf4
{[%clk 0:02:52]} Nh5 {[%clk 0:01:22]} 11. Bxd6 {[%clk 0:02:47]} Qxd6
{[%clk 0:01:19]} 12. Qxd6 {[%clk 0:02:46]} Bxd6 {[%clk 0:01:20]} 13. Rxd6
{[%clk 0:02:47]} Ke7 {[%clk 0:01:14]} 14. Rd2 {[%clk 0:02:45]} g6
{[%clk 0:01:04]} 15. Bh3 {[%clk 0:02:31]} Nb6 {[%clk 0:00:49]} 16. Bxc8
{[%clk 0:02:26]} Raxc8 {[%clk 0:00:51]} 17. Rgd1 {[%clk 0:02:22]} Rcd8
{[%clk 0:00:22]} 18. Rxd8 {[%clk 0:02:18]} Rxd8 {[%clk 0:00:24]} 19. Rxd8
{[%clk 0:02:13]} Kxd8 {[%clk 0:00:25]} 20. b3 {[%clk 0:02:14]} Ke7
{[%clk 0:00:23]} 21. Kd2 {[%clk 0:02:15]} h6 {[%clk 0:00:15]} 22. Ke3
{[%clk 0:02:15]} Nd7 {[%clk 0:00:15]} 23. h3 {[%clk 0:02:07]} Ng7
{[%clk 0:00:12]} 24. a4 {[%clk 0:02:00]} a5 {[%clk 0:00:10]} 25. Nd2
{[%clk 0:01:56]} Nb6 {[%clk 0:00:09]} 26. Ncb1 {[%clk 0:01:26]} Nd7
{[%clk 0:00:04]} 27. Na3 {[%clk 0:01:22]} b6 {[%clk 0:00:05]} 28. Nac4
{[%clk 0:01:19]} f5 {[%clk 0:00:06]} 29. c3 {[%clk 0:00:57]} Ke6 {[%clk 0:00:07]}
30. b4 {[%clk 0:00:53]} axb4 {[%clk 0:00:06]} 31. cxb4 {[%clk 0:00:55]} fxe4
{[%clk 0:00:05]} 32. Kxe4 {[%clk 0:00:49]} b5 {[%clk 0:00:06]} 33. axb5
{[%clk 0:00:47]} cxb5 {[%clk 0:00:07]} 34. Na3 {[%clk 0:00:47]} Nf6+
{[%clk 0:00:05]} 35. Kd4 {[%clk 0:00:47]} Nf5+ {[%clk 0:00:05]} 36. Kc5
{[%clk 0:00:47]} Nd6 {[%clk 0:00:05]} 37. Nxb5 {[%clk 0:00:38]} Nd7+
{[%clk 0:00:04]} 38. Kc6 {[%clk 0:00:37]} Ne5+ {[%clk 0:00:06]} 39. Kb6
{[%clk 0:00:33]} Nd3 {[%clk 0:00:06]} 40. Nxd6 {[%clk 0:00:12]} Nxb4
{[%clk 0:00:07]} 41. N6e4 {[%clk 0:00:11]} Nd3 {[%clk 0:00:08]} 42. Kb5
{[%clk 0:00:12]} Kd5 {[%clk 0:00:09]} 43. Ka4 {[%clk 0:00:08]} g5
{[%clk 0:00:10]} 44. Kb3 {[%clk 0:00:09]} Nf4 {[%clk 0:00:11]} 45. Ng3
{[%clk 0:00:07]} Nxh3 {[%clk 0:00:11]} 46. Kc3 {[%clk 0:00:09]} Nxf2
{[%clk 0:00:11]} 47. Nf5 {[%clk 0:00:05]} h5 {[%clk 0:00:12]} 48. Ne3+
{[%clk 0:00:03]} Ke5 {[%clk 0:00:13]} 49. Nf3+ {[%clk 0:00:04]} Kf4
{[%clk 0:00:14]} 50. Nxg5 {[%clk 0:00:05]} Kxe3 {[%clk 0:00:14]} 51. Kc2
{[%clk 0:00:04]} h4 {[%clk 0:00:15]} 52. Kc1 {[%clk 0:00:05]} Kf4
{[%clk 0:00:16]} 53. Ne6+ {[%clk 0:00:05]} Kg3 {[%clk 0:00:17]} 54. Ng5
{[%clk 0:00:06]} Kf4 {[%clk 0:00:16]} 55. Ne6+ {[%clk 0:00:06]} Kg4
{[%clk 0:00:18]} 56. Kd2 {[%clk 0:00:05]} h3 {[%clk 0:00:19]} 57. Ke2
{[%clk 0:00:05]} h2 {[%clk 0:00:20]} 58. Kxf2 {[%clk 0:00:06]} h1=Q
{[%clk 0:00:20]} 59. Nd4 {[%clk 0:00:08]} Qe4 {[%clk 0:00:21]} 60. Ne2
{[%clk 0:00:09]} Qd3 {[%clk 0:00:21]} 61. Ng1 {[%clk 0:00:09]} Kf5
{[%clk 0:00:20]} 62. Ne2 {[%clk 0:00:10]} Ke4 {[%clk 0:00:20]} 63. Ng3+
{[%clk 0:00:10]} Kd4 {[%clk 0:00:21]} 64. Ne2+ {[%clk 0:00:11]} Ke5
{[%clk 0:00:22]} 65. Ng3 {[%clk 0:00:13]} Qa3 {[%clk 0:00:21]} 66. Ne2
{[%clk 0:00:11]} Kf5 {[%clk 0:00:22]} 67. Ng3+ {[%clk 0:00:10]} Kg4
{[%clk 0:00:23]} 68. Ne2 {[%clk 0:00:12]} Qf3+ {[%clk 0:00:24]} 69. Ke1
{[%clk 0:00:12]} Qe3 {[%clk 0:00:25]} 70. Kf1 {[%clk 0:00:12]} Qd3
{[%clk 0:00:19]} 71. Kf2 {[%clk 0:00:11]} Qd2 {[%clk 0:00:20]} 72. Kf1
{[%clk 0:00:11]} Kf3 {[%clk 0:00:21]} 73. Ng1+ {[%clk 0:00:10]} Ke3
{[%clk 0:00:22]} 74. Nh3 {[%clk 0:00:09]} Qh2 {[%clk 0:00:23]} 0-1

[Event "Blitz 2018"]
[Site "Saint-Petersburg"]
[Date "2018.12.29"]
[Round "11"]
[Board "79"]
[White "Dubrovin Robert (EST)"]
[Black "Iljin Artem (RUS)"]
[Result "1/2-1/2"]
[LiveChessVersion "1.4.8"]
[BlackElo "2525"]
[WhiteElo "2176"]

1. d4 {[%clk 0:03:03]} Nf6 2. c4 e6 {[%clk 0:03:04]} 3. Nc3 {[%clk 0:03:05]} Bb4
{[%clk 0:03:05]} 4. e3 {[%clk 0:03:06]} O-O 5. a3 Bxc3+ {[%clk 0:03:03]} 6. bxc3
{[%clk 0:03:09]} c6 {[%clk 0:02:46]} 7. Bd3 {[%clk 0:03:04]} d5 {[%clk 0:02:46]}
8. Nf3 {[%clk 0:02:55]} b6 {[%clk 0:02:47]} 9. O-O {[%clk 0:02:53]} Ba6
{[%clk 0:02:44]} 10. Ne5 {[%clk 0:02:43]} Nfd7 {[%clk 0:02:18]} 11. Nxd7
{[%clk 0:02:04]} Nxd7 {[%clk 0:02:07]} 12. Qe2 {[%clk 0:02:04]} Bxc4
{[%clk 0:01:50]} 13. Bxc4 {[%clk 0:02:05]} dxc4 {[%clk 0:01:51]} 14. Qxc4
{[%clk 0:02:06]} c5 {[%clk 0:01:50]} 15. a4 {[%clk 0:02:04]} Rc8 {[%clk 0:01:41]}
16. Qe2 {[%clk 0:01:59]} Qc7 {[%clk 0:01:31]} 17. Ba3 {[%clk 0:01:58]} Rfd8
{[%clk 0:01:31]} 18. Rfd1 {[%clk 0:01:42]} h6 {[%clk 0:01:29]} 19. h3
{[%clk 0:01:43]} Qc6 {[%clk 0:01:20]} 20. Qb5 {[%clk 0:01:38]} c4
{[%clk 0:00:49]} 21. Qxc6 {[%clk 0:01:31]} Rxc6 {[%clk 0:00:50]} 22. d5
{[%clk 0:01:31]} Rc7 {[%clk 0:00:14]} 23. dxe6 {[%clk 0:01:15]} fxe6
{[%clk 0:00:15]} 24. Rd6 {[%clk 0:01:06]} Re8 {[%clk 0:00:17]} 25. Rad1
{[%clk 0:01:00]} Nf6 {[%clk 0:00:17]} 26. Rd8 {[%clk 0:00:51]} Rxd8
{[%clk 0:00:18]} 27. Rxd8+ {[%clk 0:00:52]} Kf7 {[%clk 0:00:19]} 28. Rd4
{[%clk 0:00:23]} Nd5 {[%clk 0:00:15]} 29. Bb2 {[%clk 0:00:23]} a6
{[%clk 0:00:12]} 30. g3 {[%clk 0:00:17]} Kf6 {[%clk 0:00:10]} 31. e4
{[%clk 0:00:18]} Ne7 {[%clk 0:00:09]} 32. Rd6 {[%clk 0:00:16]} Nc6
{[%clk 0:00:07]} 33. f4 {[%clk 0:00:15]} Ke7 {[%clk 0:00:05]} 34. Ba3
{[%clk 0:00:17]} Kf7 {[%clk 0:00:06]} 35. Kf2 {[%clk 0:00:16]} b5
{[%clk 0:00:06]} 36. axb5 {[%clk 0:00:16]} axb5 {[%clk 0:00:07]} 37. Ke3
{[%clk 0:00:16]} b4 {[%clk 0:00:04]} 38. Bxb4 {[%clk 0:00:15]} Nxb4 39. cxb4 c3
{[%clk 0:00:05]} 40. Rd1 {[%clk 0:00:18]} Rc4 {[%clk 0:00:03]} 41. Rc1
{[%clk 0:00:15]} c2 {[%clk 0:00:03]} 42. Kd3 {[%clk 0:00:15]} Rxb4
{[%clk 0:00:04]} 43. Rxc2 {[%clk 0:00:17]} Rb3+ {[%clk 0:00:05]} 44. Rc3
{[%clk 0:00:18]} Rb2 {[%clk 0:00:07]} 45. Rc7+ {[%clk 0:00:15]} Kg6
{[%clk 0:00:08]} 46. Ke3 {[%clk 0:00:16]} Rb3+ {[%clk 0:00:09]} 47. Kf2
{[%clk 0:00:18]} h5 {[%clk 0:00:08]} 48. Rc6 {[%clk 0:00:11]} Kf7
{[%clk 0:00:09]} 49. e5 {[%clk 0:00:09]} Rd3 {[%clk 0:00:10]} 50. Rc7+
{[%clk 0:00:10]} Kf8 {[%clk 0:00:06]} 51. Rc8+ {[%clk 0:00:10]} Kf7
{[%clk 0:00:07]} 52. Rc7+ {[%clk 0:00:12]} Kf8 {[%clk 0:00:09]} 53. g4
{[%clk 0:00:13]} Rxh3 {[%clk 0:00:08]} 54. gxh5 {[%clk 0:00:12]} Rxh5
{[%clk 0:00:09]} 55. Kg3 {[%clk 0:00:12]} Rh1 {[%clk 0:00:09]} 56. Kg4
{[%clk 0:00:10]} Rg1+ {[%clk 0:00:10]} 57. Kf3 {[%clk 0:00:12]} Rf1+
{[%clk 0:00:11]} 58. Kg4 {[%clk 0:00:13]} Rg1+ {[%clk 0:00:13]} 59. Kf3
{[%clk 0:00:14]} Rf1+ {[%clk 0:00:14]} 60. Kg4 {[%clk 0:00:15]} Rg1+
{[%clk 0:00:15]} 61. Kf3 {[%clk 0:00:16]} 1/2-1/2

[Event "Blitz 2018"]
[Site "Saint-Petersburg"]
[Date "2018.12.29"]
[Round "11"]
[Board "80"]
[White "Bocharov Dmitry (RUS)"]
[Black "Danielyan Vahe (ARM)"]
[Result "0-1"]
[LiveChessVersion "1.4.8"]
[BlackElo "2417"]
[WhiteElo "2517"]

1. d4 {[%clk 0:03:02]} Nf6 {[%clk 0:03:03]} 2. c4 {[%clk 0:03:02]} c5
{[%clk 0:03:05]} 3. d5 {[%clk 0:03:02]} g6 {[%clk 0:03:04]} 4. Nc3
{[%clk 0:03:01]} Bg7 {[%clk 0:03:05]} 5. e4 {[%clk 0:03:00]} d6 {[%clk 0:03:07]}
6. Nf3 {[%clk 0:02:51]} O-O {[%clk 0:03:06]} 7. Bd3 {[%clk 0:02:38]} a6
{[%clk 0:03:07]} 8. a4 {[%clk 0:02:35]} b6 {[%clk 0:03:08]} 9. h3
{[%clk 0:02:35]} e5 {[%clk 0:03:10]} 10. a5 {[%clk 0:02:28]} bxa5
{[%clk 0:03:10]} 11. Qa4 {[%clk 0:02:28]} Nh5 {[%clk 0:02:52]} 12. Qxa5
{[%clk 0:02:28]} Qe7 {[%clk 0:02:51]} 13. O-O {[%clk 0:02:11]} Nd7
{[%clk 0:02:51]} 14. Re1 {[%clk 0:02:04]} Nf4 {[%clk 0:02:51]} 15. Bf1
{[%clk 0:02:05]} Qf6 {[%clk 0:02:50]} 16. Nh2 {[%clk 0:02:01]} Rb8
{[%clk 0:02:32]} 17. g3 {[%clk 0:01:58]} Nh5 {[%clk 0:02:30]} 18. Rb1
{[%clk 0:01:53]} Qe7 {[%clk 0:02:31]} 19. b4 {[%clk 0:01:50]} cxb4
{[%clk 0:02:31]} 20. Rxb4 {[%clk 0:01:51]} Rxb4 {[%clk 0:02:33]} 21. Qxb4
{[%clk 0:01:52]} f5 {[%clk 0:02:32]} 22. Ba3 {[%clk 0:01:50]} Nc5
{[%clk 0:02:29]} 23. Qb6 {[%clk 0:01:46]} Nxg3 {[%clk 0:01:15]} 24. Bxc5
{[%clk 0:01:25]} dxc5 {[%clk 0:01:16]} 25. fxg3 {[%clk 0:01:11]} Qg5
{[%clk 0:01:18]} 26. Kh1 {[%clk 0:00:35]} Qd2 {[%clk 0:01:19]} 27. Rd1
{[%clk 0:00:31]} Qxc3 {[%clk 0:01:18]} 28. Qxc5 {[%clk 0:00:32]} Qc2
{[%clk 0:01:15]} 29. Re1 {[%clk 0:00:31]} f4 {[%clk 0:01:13]} 30. gxf4
{[%clk 0:00:29]} exf4 {[%clk 0:01:12]} 31. e5 {[%clk 0:00:30]} Qc3
{[%clk 0:01:01]} 32. Qf2 {[%clk 0:00:24]} f3 {[%clk 0:00:57]} 33. Qe3
{[%clk 0:00:21]} Qb2 {[%clk 0:00:38]} 34. Nxf3 {[%clk 0:00:19]} Qb4
{[%clk 0:00:33]} 35. Rd1 {[%clk 0:00:14]} Qa4 {[%clk 0:00:24]} 36. Be2
{[%clk 0:00:15]} Bxh3 {[%clk 0:00:24]} 37. e6 {[%clk 0:00:16]} Bg4
{[%clk 0:00:18]} 38. e7 {[%clk 0:00:16]} Re8 {[%clk 0:00:19]} 39. d6
{[%clk 0:00:17]} Qd7 {[%clk 0:00:21]} 40. c5 {[%clk 0:00:15]} Bxf3+
{[%clk 0:00:20]} 41. Qxf3 {[%clk 0:00:15]} Kh8 {[%clk 0:00:11]} 42. c6
{[%clk 0:00:14]} Qe6 {[%clk 0:00:10]} 43. d7 {[%clk 0:00:14]} Qxe7
{[%clk 0:00:10]} 0-1